A Duna-Tisza közi Hátság és a Kalocsai Sárköz Hajós és Császártöltés községek közötti határterületének geoarcheológiai elemzése
Elmentve itt :
| Szerzők: | |
|---|---|
| Dokumentumtípus: | Könyv része |
| Megjelent: |
Szegedi Tudományegyetem Földrajzi és Földtani Tanszékcsoport
Szeged
2015
|
| Sorozat: | Geoszférák
Geoszférák 2014: A Szegedi Tudományegyetem Földtudományok Doktori Iskola és Környezettudományi Doktori Iskola (Környezeti geográfia program) eredményei |
| mtmt: | 3115270 |
| Online Access: | http://publicatio.bibl.u-szeged.hu/21717 |
| LEADER | 01058naa a2200217 i 4500 | ||
|---|---|---|---|
| 001 | publ21717 | ||
| 005 | 20210629085802.0 | ||
| 008 | 210629s2015 hu o 0|| zxx d | ||
| 024 | 7 | |a 3115270 |2 mtmt | |
| 040 | |a SZTE Publicatio Repozitórium |b hun | ||
| 041 | |a zxx | ||
| 100 | 1 | |a Knipl István | |
| 245 | 1 | 2 | |a A Duna-Tisza közi Hátság és a Kalocsai Sárköz Hajós és Császártöltés községek közötti határterületének geoarcheológiai elemzése |h [elektronikus dokumentum] / |c Knipl István |
| 260 | |a Szegedi Tudományegyetem Földrajzi és Földtani Tanszékcsoport |b Szeged |c 2015 | ||
| 300 | |a 23 | ||
| 300 | |a 85-107 | ||
| 490 | 0 | |a Geoszférák | |
| 490 | 0 | |a Geoszférák 2014: A Szegedi Tudományegyetem Földtudományok Doktori Iskola és Környezettudományi Doktori Iskola (Környezeti geográfia program) eredményei | |
| 700 | 0 | 1 | |a Sümegi Pál |e aut |
| 856 | 4 | 0 | |u http://publicatio.bibl.u-szeged.hu/21717/7/3115270.pdf |z Dokumentum-elérés |
| 856 | 4 | 0 | |u http://publicatio.bibl.u-szeged.hu/21717/1/Knipl_Jakab_Sumegi_GeoLitera.pdf |z Dokumentum-elérés |